[Event "Wch Seniors 23rd"]
[Site "Opatija"]
[Date "2013.11.22"]
[Round "10"]
[White "Lind, Jan Olov"]
[Black "Toefferl, Heimo"]
[Result "1-0"]
[WhiteElo "2238"]
[BlackElo "2089"]
[PlyCount "75"]
[EventDate "2013.11.12"]
[EventType "swiss"]
[EventRounds "11"]
[EventCountry "CRO"]
[SourceTitle "CBM 157 Extra"]
[Source "ChessBase"]
[SourceDate "2013.12.19"]
[SourceVersion "1"]
[SourceVersionDate "2013.12.19"]
[SourceQuality "1"]

1. e4 e6 2. Nf3 d5 3. Nc3 Nf6 4. e5 Nfd7 5. d4 c5 6. dxc5 Bxc5 7. Bd3 Nc6 8. Bf4 a6 9. a3 h6 10. h4 b5 11. h5 Bb7 12. Rh3 Qb6 13. Qe2 0-0-0 14. Rg3 Rdg8 15. Kf1 Nf8 16. b4 Bd4 17. Qd2 g5 18. hxg6 Nxg6 19. Bxg6 Rxg6 20. Rd1 Bxc3 21. Qxc3 Kb8 22. Rxd5 Rxg3 23. Bxg3 Ne7 24. Rd7 Rc8 25. Qd2 Nf5 26. Rxf7 Qc6 27. Ne1 Rg8 28. Qd7 Qe4 29. Qc7+ Ka8 30. Rd7 Nd4 31. Rd8+ Rxd8 32. Qxd8+ Ka7 33. f3 Qe2+ 34. Kg1 Bd5 35. Qd7+ Ka8 36. Qc8+ Ka7 37. Bf2 Qxe5 38. Qc5+ 1-0

[Event "Wch Seniors 23rd"]
[Site "Opatija"]
[Date "2013.11.21"]
[Round "9"]
[White "Toefferl, Heimo"]
[Black "Thormann, Wolfgang"]
[Result "1/2-1/2"]
[WhiteElo "2089"]
[BlackElo "2271"]
[PlyCount "66"]
[EventDate "2013.11.12"]
[EventType "swiss"]
[EventRounds "11"]
[EventCountry "CRO"]
[SourceTitle "CBM 157 Extra"]
[Source "ChessBase"]
[SourceDate "2013.12.19"]
[SourceVersion "1"]
[SourceVersionDate "2013.12.19"]
[SourceQuality "1"]

1. d4 Nf6 2. c4 d6 3. Nc3 Nbd7 4. e4 e5 5. d5 Be7 6. Bd3 c6 7. Nge2 0-0 8. 0-0 Re8 9. Ng3 Bf8 10. Bg5 Nc5 11. Bc2 a5 12. b3 h6 13. Bd2 Bd7 14. a3 Na6 15. Rb1 g6 16. h3 Qc8 17. Kh2 g5 18. Qc1 Bg7 19. Nd1 cxd5 20. exd5 b6 21. Ne3 e4 22. f3 Nc5 23. b4 axb4 24. axb4 Nd3 25. Qd1 Ne5 26. Bxe4 Nxc4 27. Rc1 Nxe3 28. Bxe3 Qb7 29. Qd2 Re7 30. Rc2 Rae8 31. Rfc1 Ba4 32. Rc4 Bb5 33. R4c2 Ba4 1/2-1/2